[Event "Jonquiere Interclubs Saguenay"]
[Site "Jonquiere"]
[Date "1992.01.19"]
[Round "4"]
[White "Morin, Jean Pierre"]
[Black "Maltais, Alain"]
[Result "0-1"]
[WhiteElo "1347"]
[BlackElo "1564"]
[PlyCount "90"]
[EventDate "1992.01.18"]
[EventType "team-swiss"]
[EventRounds "4"]
[EventCountry "CAN"]
[SourceTitle "EXT 2022"]
[Source "ChessBase"]
[SourceDate "2021.10.06"]
[SourceVersion "1"]
[SourceVersionDate "2021.10.06"]
[SourceQuality "1"]

1. e4 e5 2. Nf3 Nc6 3. Bc4 Nf6 4. d4 exd4 5. 0-0 Bc5 6. e5 Ng4 7. Bxf7+ Kxf7 8. Ng5+ Ke8 9. Qxg4 d6 10. e6 Ne5 11. Qh5+ g6 12. Qh6 Qf6 13. Ne4 Qe7 14. Bg5 Ng4 15. Qh4 Qxe6 16. Re1 Kf8 17. Nbd2 Qf5 18. Be7+ Kg7 19. Nf3 d3 20. cxd3 h6 21. d4 g5 22. Qh5 Bb4 23. Ng3 Qf7 24. Re2 Qxh5 25. Nxh5+ Kg6 26. Ng3 Kf7 27. Rc1 c6 28. a3 Ba5 29. Bxd6 Re8 30. Rcc2 Be6 31. h3 Nf6 32. Ne5+ Kg7 33. Nf3 Bb3 34. Nf5+ Kg6 35. Ne7+ Kf7 36. Ne5+ Kg7 37. Nf5+ Kh7 38. Rc1 Rad8 39. Rc5 Bb6 40. Rc3 Be6 41. Be7 Bxf5 42. Bxf6 Rd6 43. Nc4 Rxe2 44. Nxd6 Bc7 45. Nxf5 Re1# 0-1

[Event "Jonquiere Interclubs Saguenay"]
[Site "Jonquiere"]
[Date "1992.01.18"]
[Round "1"]
[White "Larocque, Philippe"]
[Black "Morin, Jean Pierre"]
[Result "0-1"]
[WhiteElo "1189"]
[BlackElo "1347"]
[PlyCount "64"]
[EventDate "1992.01.18"]
[EventType "team-swiss"]
[EventRounds "4"]
[EventCountry "CAN"]
[SourceTitle "EXT 2022"]
[Source "ChessBase"]
[SourceDate "2021.10.06"]
[SourceVersion "1"]
[SourceVersionDate "2021.10.06"]
[SourceQuality "1"]

1. e4 e5 2. Nf3 Nc6 3. Bc4 Nf6 4. d3 Bc5 5. Nc3 a6 6. Bg5 0-0 7. Nd5 d6 8. Bxf6 gxf6 9. Nh4 Kh8 10. c3 Na5 11. Qf3 f5 12. Nxf5 Nxc4 13. dxc4 Be6 14. Qg4 Rg8 15. Qh4 Qxh4 16. Nxh4 Rg4 17. g3 Rxe4+ 18. Kd2 c6 19. f3 Rxc4 20. Nc7 Rd8 21. Nxe6 fxe6 22. b3 Rxh4 23. gxh4 Rg8 24. b4 Rg2+ 25. Ke1 Be3 26. Kf1 Rf2+ 27. Ke1 Rb2 28. a3 Bd2+ 29. Ke2 Bxc3+ 30. Kd3 Bd4 31. f4 Rb3+ 32. Kc4 Rc3# 0-1